000 01649nam a2200349 a 4500
001 BRCA_3301
005 20190320204219.0
008 190309s1868----u--a---###---#000-0#eng-#
041 _aeng
044 _au
084 _a595
_b.D49
_c1868
100 1 _aCervantes Saavedra, Miguel de
_d1547-1616
_9213
245 1 0 _aThe History of Don Quixote
_cBy Cervantes.
260 _aSan Francisco
_bJ. Dewing and Co.
_c1868
300 _a1 v. en 2 partes (xxviii, 855 p.)
_bil.
_c30 cm.
500 _aContenido : Primera parte. Noticia biográfica sobre Cervantes por T. Teignmouth Sh. Prólogo del autor. Segunda parte. Prólogo del autor
500 _aEdición : The Text Edited by J. W. Clark... and a Biographical Notice of Cervantes by T. Teignmouth Short. Illustrated by Gustave Doré
500 _aReproducción de la traducción de Clark, publicada en 1864-67 por Cassel, Petter y Galpin. Tela; lomo y planos decorados con asuntos quijotiles y otros adornos dorados Lúdovik Osterc
500 _aEstado físico : Encuadernación y primeras hojas desprendidas
500 _aQM479A
546 _aTexto en : inglés
650 1 4 _aNovela española
_yÉpoca clásica, 1500-1700
_9215
650 1 4 _aLiteratura española
_yÉpoca clásica, 1500-1700
_9216
650 1 4 _aNovela española
_ySiglo XVII
_9217
650 1 4 _aDon Quijote (Personaje ficticio)
_eNovela
_9218
700 1 _aClark, J. W.
_d1818-1913
_eEditor
_98741
700 1 _aTeignmouth Shore, Thomas
_d1841-1911
_eEditor
_98742
700 1 _aDoré, Paul Gustave
_d1832-1883
_eIlustrador
_98743
740 0 _aEl Ingenioso Hidalgo Don Quijote de la Mancha
902 _aQFM
942 _2lcc
_cB
999 _c3037
_d3037